LEADER 01182nam0 22002651i 450 001 UON00266447 005 20231205103736.384 100 $a20050906d1967 |0itac50 ba 101 $aita 102 $aIT 105 $a||||0 ||||| 200 1 $aOpere$eDalle lettere e dedicatorie, Dalla lira, Dalla galleria, Dalla sampogna, Dagli epitalami, Dall'Adone, Dalle dicerie sacre, Dalla strage de gli innocenti, Dai versi satirici e giocosi$fGiambattista Marino$ga cura di Alberto Asor Rosa 210 $a870 p., [5] c. di tav. ; 20 cm. 410 1$1001UON00066393$12001 $aClassici Rizzoli 620 $aIT$dMilano$3UONL000005 676 $a850.5$cLetteratura italiana. Periodo di decadenza, 1585-1748$v20 700 1$aMARINO$bGiambattista$3UONV155058$0112646 702 1$aAsor Rosa$bAlberto$3UONV103161 712 $aRizzoli$3UONV245928$4650 801 $aIT$bSOL$c20250214$gRICA 899 $aSIBA - SISTEMA BIBLIOTECARIO DI ATENEO$2UONSI 912 $aUON00266447 950 $aSIBA - SISTEMA BIBLIOTECARIO DI ATENEO$dSI ITA 18 C.R 08 $eSI IT 116 5 08 996 $aOpere$9143754 997 $aUNIOR